000
00235nam a22001097a 4500
003
SGT
082
_b
LOH
100
_a
LOHUMI, SHAMA
245
_a
REMEDIAL GRAMMAR AND COMPOSITION
260
_b
S. VIKAS & COMPANY
_c
2016
942
_2
ddc
_c
BK
999
_c
15247
_d
15247